Central Library OPAC University of Rajshahi

Principles of personnel testing / (Record no. 16042)

MARC details
000 -LEADER
fixed length control field 00865nam a22002891 4500
001 - CONTROL NUMBER
control field 16042
003 - CONTROL NUMBER IDENTIFIER
rucl marc code BD-RjUL
005 - DATE AND TIME OF LATEST TRANSACTION
control field 20211208235935.0
008 - FIXED-LENGTH DATA ELEMENTS--GENERAL INFORMATION
fixed length control field 140211s1948 nyua 001 0 eng
035 ## - SYSTEM CONTROL NUMBER
System control number (BD-RjUL)16097
System control number (OCoLC)224250
040 ## - CATALOGING SOURCE
Original cataloging agency DLC
Transcribing agency ODaWU
Modifying agency BD-RjUL
Language of cataloging eng
041 ## - LANGUAGE CODE
Language code of text/sound track or separate title eng
082 ## - DEWEY DECIMAL CLASSIFICATION NUMBER
Classification number 658.3
Author mark and year LAP 1948
100 1# - MAIN ENTRY--PERSONAL NAME
Personal name Lawshe, C. H.
Fuller form of name (Charles Hubert),
Dates associated with a name 1908-2000.
9 (RLIN) 49671
245 10 - TITLE STATEMENT
Title Principles of personnel testing /
Statement of responsibility, etc. C. H. Lawshe
250 ## - EDITION STATEMENT
Edition statement 1st ed.
260 ## - PUBLICATION, DISTRIBUTION, ETC. (IMPRINT)
Place of publication, distribution, etc. New York :
Name of publisher, distributor, etc. McGraw-Hill Book Co.,
Date of publication, distribution, etc. c1948.
300 ## - PHYSICAL DESCRIPTION
Pagination xi, 227 p. :
Illustrations illus. ;
Size 24 cm.
490 0# - SERIES STATEMENT
Series statement McGraw-Hill industrial organization and management series
504 ## - BIBLIOGRAPHY, ETC. NOTE
Bibliography, etc Includes indexes.
650 #0 - SUBJECT ADDED ENTRY--TOPICAL TERM
Topical term or geographic name as entry element Ability
General subdivision Testing.
9 (RLIN) 49672
Topical term or geographic name as entry element Personnel management.
9 (RLIN) 49673
942 ## - ADDED ENTRY ELEMENTS (KOHA)
Source of classification or shelving scheme Dewey Decimal Classification
Koha item type Books
Holdings
Lost status Source of classification or shelving scheme Damaged status Not for loan Collection code Permanent Location Current Location Shelving location Date acquired Source of acquisition Cost, normal purchase price Total Checkouts Full call number Date last seen Copy number Koha item type
  Dewey Decimal Classification     Non-fiction Central Library, University of Rajshahi Central Library, University of Rajshahi   06/01/2065 Zeitlinger 45.00   658.3 LAP 1948 11/02/2014 C-6 Books
  Dewey Decimal Classification     Non-fiction Central Library, University of Rajshahi Central Library, University of Rajshahi   06/01/1965 Zeitlinger 45.00   658.3 LAP 1948 04/07/2019 C-2 Books
  Dewey Decimal Classification     Non-fiction Central Library, University of Rajshahi Central Library, University of Rajshahi   06/01/1965 Zeitlinger 45.00   658.3 LAP 1948 04/07/2019 C-3 Books
  Dewey Decimal Classification     Non-fiction Central Library, University of Rajshahi Central Library, University of Rajshahi   06/01/1965 Zeitlinger 45.00   658.3 LAP 1948 04/07/2019 C-4 Books
  Dewey Decimal Classification     Non-fiction Central Library, University of Rajshahi Central Library, University of Rajshahi   06/01/1965 Zeitlinger 45.00   658.3 LAP 1948 04/07/2019 C-5 Books
  Dewey Decimal Classification     Non-fiction Central Library, University of Rajshahi Central Library, University of Rajshahi   06/01/1965 Zeitlinger 45.00   658.3 LAP 1948 04/07/2019 C-7 Books
  Dewey Decimal Classification     Non-fiction Central Library, University of Rajshahi Central Library, University of Rajshahi   06/01/1965 Zeitlinger 45.00   658.3 LAP 1948 04/07/2019 C-8 Books
  Dewey Decimal Classification     Non-fiction Central Library, University of Rajshahi Central Library, University of Rajshahi   06/01/1965 Zeitlinger 45.00   658.3 LAP 1948 04/07/2019 C-9 Books
  Dewey Decimal Classification     Non-fiction Central Library, University of Rajshahi Central Library, University of Rajshahi   05/02/1963 Zeitlinger 45.00   658.3 LAP 1948 04/07/2019 C-10 Books
  Dewey Decimal Classification     Non-fiction Central Library, University of Rajshahi Central Library, University of Rajshahi   02/11/1965 Zeitlinger 45.00   658.3 LAP 1948 04/07/2019 C-1 Books